000 00549nam a2200217Ia 4500
003 OSt
005 20240404145147.0
008 210210b2015 xxu||||| |||| 00| 0 eng d
040 _cAL
041 _aKannada
082 _a398K NAVJ
100 _aNAVADA (A V)
_9142442
_dಎ ವಿ ನಾವಡ
245 _aJanapada shodha
_bಜಾನಪದ ಶೋಧ
260 _aMangaluru
_b-
_c2015
300 _axvi,689
650 _ashodha
_9142443
650 _aJanapada
_9142444
690 _aFolklore
_9142445
906 _a071399
942 _2ddc
_cBK
999 _c120910
_d120910